[Event "European Youth Chess Championship B18"]
[Site "Prague, Top Hotel Prague"]
[Date "2016.08.26"]
[Round "8.43"]
[White "Pein, Jonathan"]
[Black "Hollan, Martin"]
[Result "0-1"]
[WhiteElo "1980"]
[BlackElo "2256"]
[PlyCount "48"]
[EventDate "2016.08.18"]

1. e4 c5 2. Nf3 Nc6 3. Bb5 g6 4. O-O Bg7 5. Re1 Nh6 6. c3 a6 7. Bf1 e5 8. Na3
O-O 9. Nc2 f5 10. d4 fxe4 11. Nxe5 cxd4 12. cxd4 d5 13. Ne3 Be6 14. Nxc6 bxc6
15. Qa4 Bd7 16. Rd1 Ng4 17. Nxg4 Bxg4 18. Re1 Rxf2 19. h3 Bxh3 20. Be3 Rxb2 21.
Bc1 Rbb8 22. gxh3 Qh4 23. Be3 Qg3+ 24. Bg2 Rb2 0-1

[Event "European Youth Chess Championship B18"]
[Site "Prague, Top Hotel Prague"]
[Date "2016.08.26"]
[Round "8.44"]
[White "Sinanovic, Ermin"]
[Black "Bischofberger, Dario"]
[Result "1-0"]
[WhiteElo "2175"]
[BlackElo "2102"]
[PlyCount "73"]
[EventDate "2016.08.18"]

1. c4 e6 2. Nc3 d5 3. d4 Nf6 4. Bg5 Nbd7 5. cxd5 exd5 6. e3 c6 7. Bd3 Bd6 8.
Qc2 Nf8 9. Nge2 Ng6 10. Ng3 Be7 11. O-O-O Qa5 12. h4 Be6 13. Nf5 Bxf5 14. Bxf5
Nf8 15. e4 Ne6 16. e5 Nd7 17. Bxe7 Kxe7 18. f4 g6 19. Bh3 b5 20. Kb1 b4 21. Ne2
b3 22. Qxb3 Rab8 23. Qd3 Rb4 24. f5 Rhb8 25. Rd2 gxf5 26. Rc1 Qb6 27. Qa3 Ke8
28. Bxf5 c5 29. dxc5 Ndxc5 30. Nc3 Nf4 31. g3 d4 32. gxf4 dxc3 33. Qxc3 Ne6 34.
Bxe6 fxe6 35. f5 exf5 36. e6 Rb7 37. Qf6 1-0

[Event "European Youth Chess Championship B18"]
[Site "Prague, Top Hotel Prague"]
[Date "2016.08.26"]
[Round "8.45"]
[White "Thorgeirsson, Jon Kristinn"]
[Black "Ozcan, Kadir Kutay"]
[Result "1-0"]
[WhiteElo "2151"]
[BlackElo "1808"]
[PlyCount "81"]
[EventDate "2016.08.18"]

1. e4 c5 2. Nf3 d6 3. d4 cxd4 4. Nxd4 Nf6 5. Nc3 g6 6. Bc4 Bg7 7. f3 Nc6 8. Be3
O-O 9. Qd2 Bd7 10. O-O-O Rc8 11. Bb3 Nxd4 12. Bxd4 b5 13. e5 dxe5 14. Bxe5 Bc6
15. Qg5 Qa5 16. Ne2 Qb6 17. Bd4 Qb7 18. h4 a5 19. a3 a4 20. Ba2 Bd7 21. Ng3 Qc6
22. c3 b4 23. axb4 a3 24. h5 axb2+ 25. Kxb2 Ra8 26. Bb3 Be6 27. b5 Qc8 28. hxg6
Bxb3 29. gxh7+ Kh8 30. Nf5 Qxf5 31. Qxf5 Bxd1 32. Rxd1 Rfd8 33. Bxf6 Rxd1 34.
Bxg7+ Kxg7 35. Qe5+ f6 36. Qxe7+ Kh6 37. b6 Rd2+ 38. Kb3 Rxg2 39. b7 Rh8 40.
Qxf6+ Kxh7 41. Qxh8+ 1-0

[Event "European Youth Chess Championship B18"]
[Site "Prague, Top Hotel Prague"]
[Date "2016.08.26"]
[Round "8.46"]
[White "Salim, Riza"]
[Black "Whatley, Stephen A J"]
[Result "0-1"]
[WhiteElo "2146"]
[BlackElo "2073"]
[PlyCount "66"]
[EventDate "2016.08.18"]

1. e4 c5 2. Nf3 Nc6 3. d4 cxd4 4. Nxd4 Qc7 5. c4 Nf6 6. Nc3 e6 7. Be3 Bb4 8. f3
O-O 9. Rc1 d5 10. Nxc6 bxc6 11. Bd2 dxe4 12. Nxe4 Rd8 13. Nc3 Ba6 14. Qa4 Qd6
15. Rd1 Bc5 16. Ne2 Rab8 17. Qc2 Rb7 18. Rc1 Rbd7 19. Bf4 e5 20. Bg5 e4 21.
Bxf6 Qxf6 22. Qc3 Qd6 23. Qc2 e3 24. Rb1 Bxc4 25. Nc3 Bxf1 26. Kxf1 Qd2 27.
Qxd2 Rxd2 28. Ne4 Rd1+ 29. Ke2 R1d2+ 30. Nxd2 Rxd2+ 31. Ke1 Bb4 32. Kf1 e2+ 33.
Kf2 e1=Q+ 0-1

[Event "European Youth Chess Championship B18"]
[Site "Prague, Top Hotel Prague"]
[Date "2016.08.26"]
[Round "8.47"]
[White "Rajic, Ivan"]
[Black "Stepan, Patrik"]
[Result "1-0"]
[WhiteElo "1922"]
[BlackElo "2145"]
[PlyCount "39"]
[EventDate "2016.08.18"]

1. e4 c5 2. Nf3 d6 3. d4 cxd4 4. Nxd4 Nf6 5. Nc3 a6 6. Bg5 Nbd7 7. f4 Qc7 8.
Qf3 h6 9. Bh4 g5 10. fxg5 hxg5 11. Bxg5 Qc5 12. Qe3 Ng4 13. Qd2 Nxh2 14. Nb3
Nxf1 15. Rxh8 Qe5 16. Rxf8+ Nxf8 17. Kxf1 Be6 18. Qf4 Qh8 19. Qh4 Bc4+ 20. Kg1
1-0

[Event "European Youth Chess Championship B18"]
[Site "Prague, Top Hotel Prague"]
[Date "2016.08.26"]
[Round "8.48"]
[White "Steindl, Johannes"]
[Black "Kilic, Cihan"]
[Result "1/2-1/2"]
[WhiteElo "2141"]
[BlackElo "1893"]
[PlyCount "81"]
[EventDate "2016.08.18"]

1. e4 c6 2. Nc3 d5 3. Nf3 Bg4 4. h3 Bxf3 5. Qxf3 e6 6. d4 dxe4 7. Qxe4 Nf6 8.
Qd3 Nbd7 9. Be2 Bd6 10. Bd2 O-O 11. Ne4 Nxe4 12. Qxe4 Nf6 13. Qh4 Nd5 14. Qxd8
Rfxd8 15. g3 Nb4 16. Kd1 e5 17. c3 Nd5 18. dxe5 Bxe5 19. a4 Nf4 20. Bc4 Nd3 21.
Bxd3 Rxd3 22. Ke2 Rd5 23. Be3 a6 24. Rhd1 Rad8 25. Rxd5 Rxd5 26. Ra3 f5 27. b4
Kf7 28. c4 Rd7 29. Bb6 Bd4 30. Bxd4 Rxd4 31. Rd3 Rxd3 32. Kxd3 Ke6 33. a5 Ke5
34. Ke3 g5 35. f4+ gxf4+ 36. gxf4+ Ke6 37. Kd3 Kd6 38. Kd4 h6 39. h4 h5 40. Kd3
c5 41. b5 1/2-1/2

[Event "European Youth Chess Championship B18"]
[Site "Prague, Top Hotel Prague"]
[Date "2016.08.26"]
[Round "8.49"]
[White "Lukic, Lazar"]
[Black "Nastase, Robert-Paul"]
[Result "0-1"]
[WhiteElo "1939"]
[BlackElo "2163"]
[PlyCount "54"]
[EventDate "2016.08.18"]

1. e4 e6 2. d3 c5 3. g3 Nc6 4. Bg2 g6 5. f4 Bg7 6. Nf3 Nge7 7. O-O b6 8. c3 d5
9. Na3 O-O 10. e5 Ba6 11. Re1 b5 12. Nc2 b4 13. d4 bxc3 14. bxc3 Qa5 15. Ba3
cxd4 16. cxd4 Rfc8 17. Bc5 Rab8 18. Nd2 Rb2 19. Re3 Nxd4 20. Bxd4 Rbxc2 21. Nb3
Qc7 22. Re1 Nf5 23. Bf2 Rxf2 24. Kxf2 Qb6+ 25. Kf3 Rc3+ 26. Kg4 Qf2 27. Qd2
Qxg3+ 0-1

[Event "European Youth Chess Championship B18"]
[Site "Prague, Top Hotel Prague"]
[Date "2016.08.26"]
[Round "8.50"]
[White "Koehn, Lennart"]
[Black "Scott, Luke"]
[Result "1/2-1/2"]
[WhiteElo "2048"]
[BlackElo "2001"]
[PlyCount "40"]
[EventDate "2016.08.18"]

1. e4 e6 2. d4 d5 3. Nc3 Nf6 4. e5 Nfd7 5. f4 c5 6. Nf3 Nc6 7. Be3 Be7 8. Qd2
O-O 9. dxc5 Nxc5 10. O-O-O a6 11. Qf2 Qa5 12. Kb1 Bd7 13. f5 exf5 14. Nxd5 Ne4
15. Qe1 Qxe1 16. Nxe1 Be6 17. Nxe7+ Nxe7 18. Nf3 Nd5 19. Bd4 Rac8 20. a3 Rfd8
1/2-1/2

[Event "European Youth Chess Championship B18"]
[Site "Prague, Top Hotel Prague"]
[Date "2016.08.26"]
[Round "8.51"]
[White "Sramek, Ondrej"]
[Black "Ferreira, Hugo Miguel Da Costa"]
[Result "1/2-1/2"]
[WhiteElo "1945"]
[BlackElo "1975"]
[PlyCount "51"]
[EventDate "2016.08.18"]

1. e4 c5 2. Nf3 Nc6 3. d4 cxd4 4. Nxd4 e5 5. Nb3 d6 6. Nc3 f5 7. exf5 Bxf5 8.
Bd3 Be6 9. O-O Be7 10. f4 Nf6 11. fxe5 dxe5 12. Bg5 Qb6+ 13. Kh1 O-O-O 14. Qe2
Kb8 15. a4 Qb4 16. h3 h6 17. Be3 Nd5 18. Bd2 Nxc3 19. Bxc3 Qd6 20. Nd2 Qc7 21.
Ne4 Nd4 22. Qe3 g5 23. Rae1 Rhf8 24. Rxf8 Bxf8 25. Nf2 Bg7 26. Ne4 1/2-1/2

[Event "European Youth Chess Championship B18"]
[Site "Prague, Top Hotel Prague"]
[Date "2016.08.26"]
[Round "8.52"]
[White "Sucharda, David"]
[Black "Vangsgaard, Bjarke"]
[Result "1-0"]
[WhiteElo "2051"]
[BlackElo "2034"]
[PlyCount "61"]
[EventDate "2016.08.18"]

1. d4 Nf6 2. c4 g6 3. f3 Bg7 4. e4 d6 5. Nc3 O-O 6. Be3 c5 7. d5 e6 8. Bd3 exd5
9. cxd5 a6 10. a4 Nbd7 11. f4 Re8 12. Nge2 Nb6 13. Bd2 Bg4 14. a5 c4 15. Bc2
Bxe2 16. Qxe2 Nbxd5 17. Nxd5 Nxd5 18. Qxc4 Rc8 19. Qxd5 Rxc2 20. O-O Rxb2 21.
Rab1 Qf6 22. e5 Rxd2 23. Qxd2 dxe5 24. fxe5 Qc6 25. Rbc1 Qe4 26. Qd7 Rf8 27.
Rce1 Qb4 28. Qc7 Qb3 29. Kh1 Re8 30. e6 Rxe6 31. Qxf7+ 1-0

[Event "European Youth Chess Championship B18"]
[Site "Prague, Top Hotel Prague"]
[Date "2016.08.26"]
[Round "8.53"]
[White "Hons, Tomas"]
[Black "Maes, Tibo"]
[Result "1-0"]
[WhiteElo "2033"]
[BlackElo "1950"]
[PlyCount "49"]
[EventDate "2016.08.18"]

1. e4 c5 2. Nf3 d6 3. d4 cxd4 4. Nxd4 Nf6 5. Nc3 a6 6. Be2 e5 7. Nf3 Be7 8. Bg5
Be6 9. Bxf6 Bxf6 10. Qd3 O-O 11. O-O-O Be7 12. Nd5 Bxd5 13. Qxd5 Qc7 14. Kb1
Nd7 15. Nd2 b5 16. Nf1 Rfc8 17. Ne3 g6 18. h4 Nb6 19. Qd3 Nc4 20. Nd5 Qb7 21.
h5 b4 22. hxg6 Na3+ 23. bxa3 Rc3 24. Nxe7+ Kf8 25. Qd5 1-0

[Event "European Youth Chess Championship B18"]
[Site "Prague, Top Hotel Prague"]
[Date "2016.08.26"]
[Round "8.54"]
[White "Lopez, Popov Ivan"]
[Black "Tirziman, Rudolf"]
[Result "1-0"]
[WhiteElo "1948"]
[BlackElo "1884"]
[PlyCount "101"]
[EventDate "2016.08.18"]

1. e4 e6 2. d4 d5 3. Nd2 c5 4. c3 Nc6 5. Ngf3 Nf6 6. e5 Nd7 7. Bd3 g6 8. O-O
Bg7 9. Bc2 O-O 10. Re1 Qb6 11. Nb3 cxd4 12. cxd4 a5 13. Be3 a4 14. Nc1 Qxb2 15.
Nd3 Qa3 16. Qd2 Nb6 17. Bh6 Nc4 18. Qf4 f6 19. Bxg7 Kxg7 20. exf6+ Rxf6 21. Qh4
Nb4 22. Nxb4 Qxb4 23. Ng5 h6 24. Nf3 Qe7 25. Bd3 Rf7 26. Qg3 Qf6 27. Bxc4 dxc4
28. Ne5 Re7 29. Rab1 Ra5 30. Qc3 Rd5 31. Qxc4 Bd7 32. Rxb7 Qf4 33. Qd3 Qf5 34.
Qe3 g5 35. g4 Qf6 36. Rc1 Be8 37. Rcc7 Rxc7 38. Rxc7+ Kf8 39. Qa3+ Kg8 40. Qd3
Kf8 41. Qa3+ Kg8 42. Qc3 Rd8 43. Qc5 Rb8 44. Re7 Qf4 45. Qc2 Qf6 46. Ra7 Rd8
47. Qc7 Kf8 48. Qc5+ Kg8 49. Re7 Bg6 50. Nxg6 Qxg6 51. Qb6 1-0

[Event "European Youth Chess Championship B18"]
[Site "Prague, Top Hotel Prague"]
[Date "2016.08.26"]
[Round "8.55"]
[White "Kuna, Martin"]
[Black "Berthaut, Alexandre"]
[Result "1/2-1/2"]
[WhiteElo "1832"]
[BlackElo "1720"]
[PlyCount "24"]
[EventDate "2016.08.18"]

1. e4 c5 2. Nf3 g6 3. d4 cxd4 4. Nxd4 Nf6 5. f3 Nc6 6. c4 Bg7 7. Nc3 Nxe4 8.
Nxc6 Nxc3 9. Nxd8 Nxd1 10. Nxf7 Kxf7 11. Kxd1 d6 12. Bd3 Be6 1/2-1/2

[Event "European Youth Chess Championship B18"]
[Site "Prague, Top Hotel Prague"]
[Date "2016.08.27"]
[Round "9.1"]
[White "Jarmula, Lukasz"]
[Black "Petrosyan, Manuel"]
[Result "1/2-1/2"]
[WhiteElo "2452"]
[BlackElo "2512"]
[PlyCount "43"]
[EventDate "2016.08.18"]

1. d4 Nf6 2. c4 e6 3. Nf3 b6 4. a3 Bb7 5. Nc3 d5 6. Bg5 Be7 7. Qa4+ c6 8. Bxf6
Bxf6 9. cxd5 exd5 10. g3 O-O 11. Bg2 Nd7 12. O-O Be7 13. Rfd1 a5 14. e4 b5 15.
Qb3 b4 16. exd5 bxc3 17. Qxb7 Rb8 18. Qxc6 cxb2 19. Rab1 Bxa3 20. Nd2 Nb6 21.
Nb3 Qe7 22. Nc5 1/2-1/2

[Event "European Youth Chess Championship B18"]
[Site "Prague, Top Hotel Prague"]
[Date "2016.08.27"]
[Round "9.2"]
[White "Santos, Ruiz Miguel"]
[Black "Bellahcene, Bilel"]
[Result "1-0"]
[WhiteElo "2440"]
[BlackElo "2467"]
[PlyCount "143"]
[EventDate "2016.08.18"]

1. e4 e5 2. Nf3 Nc6 3. Bb5 Nge7 4. Nc3 d6 5. d4 a6 6. Be2 exd4 7. Nxd4 Nxd4 8.
Qxd4 Nc6 9. Qd3 g6 10. h4 h6 11. Be3 Bg7 12. Qd2 Be6 13. O-O-O Qd7 14. Kb1
O-O-O 15. Nd5 Kb8 16. Qd3 Rhe8 17. Qa3 Qc8 18. Rd3 Bxd5 19. exd5 Nd4 20. Bd1
Nf5 21. Bc1 Re5 22. Bf3 h5 23. Bf4 Re7 24. Bg5 f6 25. Bd2 Bh6 26. Bc3 Rf8 27.
Qb4 Qe8 28. g4 hxg4 29. Qxg4 Ng7 30. Rg1 g5 31. hxg5 Bxg5 32. Rdd1 Qg6 33. Rh1
Qf5 34. Qxf5 Nxf5 35. Bg4 Ng7 36. Rh7 f5 37. Rxg7 Rxg7 38. Bxg7 Rf7 39. Bxf5
Rxg7 40. Rg1 Bf6 41. Rxg7 Bxg7 42. Bd7 Bh6 43. c3 Ka7 44. Kc2 Kb6 45. Kd3 c5
46. dxc6 bxc6 47. b4 Kc7 48. Be8 d5 49. a4 Kd6 50. a5 Bg5 51. Kc2 Bd8 52. f4 c5
53. b5 axb5 54. a6 Bb6 55. Bxb5 c4 56. f5 Ke5 57. Bd7 d4 58. cxd4+ Bxd4 59. Be6
Kf6 60. Kd2 Ke5 61. Ke2 Bc5 62. Kd1 Bd4 63. Kc1 Kf6 64. Kb1 Ke5 65. Ka2 Kf6 66.
Ka3 Bc5+ 67. Ka4 Ke5 68. Kb5 c3 69. Bb3 Bd4 70. Bc2 Kd6 71. Kc4 Ke5 72. f6 1-0

[Event "European Youth Chess Championship B18"]
[Site "Prague, Top Hotel Prague"]
[Date "2016.08.27"]
[Round "9.3"]
[White "Kaczur, Florian"]
[Black "Vavulin, Maksim"]
[Result "0-1"]
[WhiteElo "2426"]
[BlackElo "2559"]
[PlyCount "172"]
[EventDate "2016.08.18"]

1. e4 e5 2. Nf3 Nc6 3. Bc4 Nf6 4. d3 Bc5 5. c3 a6 6. O-O Ba7 7. Nbd2 O-O 8. h3
d6 9. Bb3 Be6 10. Re1 Re8 11. Nf1 h6 12. Ng3 d5 13. Qe2 Qd7 14. Kh2 Rad8 15.
Bc2 b5 16. Nh4 Bc5 17. a4 d4 18. axb5 axb5 19. Ngf5 Bf8 20. g4 Nh7 21. Nf3 Bc5
22. Bd2 Nf8 23. cxd4 Bxd4 24. N3xd4 Nxd4 25. Nxd4 Qxd4 26. Bc3 Qd6 27. Ra5 Rb8
28. Qe3 c5 29. Rea1 Ng6 30. Ra6 Qe7 31. Rc6 Rbc8 32. Rb6 Rb8 33. Rc6 Rec8 34.
Raa6 Kh7 35. Qg3 Rxc6 36. Rxc6 Bd7 37. Ra6 b4 38. Bd2 Bb5 39. Ra1 Rd8 40. Rd1
Nh4 41. f4 exf4 42. Bxf4 Ng6 43. Be3 Qf6 44. e5 Qc6 45. Qf2 Kg8 46. d4 cxd4 47.
Rxd4 Rxd4 48. Bxd4 Nf8 49. Qf5 Ne6 50. Be3 Qc7 51. Qh7+ Kf8 52. Qe4 Ke8 53. Kg1
Bc6 54. Qc4 Qb7 55. Bd3 b3 56. Bc5 Ng5 57. Ba3 Nf3+ 58. Kf2 Nxe5 59. Qd4 f6 60.
Qd6 Qb6+ 61. Kf1 Bg2+ 62. Kxg2 Qxd6 63. Bxd6 Nxd3 64. Ba3 Kf7 65. Kf3 Ne5+ 66.
Ke4 Kg6 67. Kd4 Kg5 68. Kc3 Kh4 69. Bf8 g5 70. Bxh6 Kxh3 71. Bg7 Nd7 72. Kxb3
Kxg4 73. Kc4 Kf5 74. Kd5 Kg6 75. Bh8 Kh7 76. Bxf6 Nxf6+ 77. Ke5 Kg6 78. b4 g4
79. Kf4 Kh5 80. b5 Nd7 81. Kg3 Kg5 82. Kf2 Kf4 83. Kg2 g3 84. Kg1 Kf3 85. Kf1
g2+ 86. Kg1 Nb6 0-1

[Event "European Youth Chess Championship B18"]
[Site "Prague, Top Hotel Prague"]
[Date "2016.08.27"]
[Round "9.4"]
[White "Nguyen, Thai Dai Van"]
[Black "Martirosyan, Haik M"]
[Result "0-1"]
[WhiteElo "2445"]
[BlackElo "2461"]
[PlyCount "94"]
[EventDate "2016.08.18"]

1. e4 e6 2. d4 d5 3. Nc3 Bb4 4. e5 c5 5. Bd2 Ne7 6. a3 Bxc3 7. Bxc3 cxd4 8.
Bxd4 O-O 9. Nf3 b6 10. Bd3 f5 11. Qe2 Nbc6 12. O-O-O Bd7 13. Bc3 Be8 14. g4 Ng6
15. gxf5 Nf4 16. Qe3 Nxd3+ 17. Rxd3 Rxf5 18. Rg1 Bg6 19. Nd4 Nxd4 20. Rxd4 Rh5
21. h3 Rc8 22. Qg3 Qf8 23. Qg4 Rf5 24. f4 Qf7 25. Kb1 Rc6 26. Rg2 Rh5 27. h4
Bf5 28. Qg3 Be4 29. Re2 Rc8 30. Qg4 Rh6 31. Ka2 Rg6 32. Qh3 h5 33. Rexe4 dxe4
34. Rxe4 Rg4 35. Rd4 Rxf4 36. Rd6 Qf5 37. Qg2 Qe4 38. Qxe4 Rxe4 39. Rxe6 Rxh4
40. Re7 Rg4 41. e6 h4 42. Rd7 Re8 43. e7 Kf7 44. Bb4 a5 45. Bd6 Rd4 46. c3 Rd2
47. Rd8 h3 0-1

[Event "European Youth Chess Championship B18"]
[Site "Prague, Top Hotel Prague"]
[Date "2016.08.27"]
[Round "9.5"]
[White "Plenca, Jadranko"]
[Black "Kelires, Andreas"]
[Result "1/2-1/2"]
[WhiteElo "2389"]
[BlackElo "2483"]
[PlyCount "137"]
[EventDate "2016.08.18"]

1. e4 c5 2. Nf3 d6 3. Bb5+ Nd7 4. d4 cxd4 5. Qxd4 a6 6. Be2 Ngf6 7. O-O e5 8.
Qe3 Nc5 9. Nfd2 Be7 10. c4 O-O 11. Nc3 Bd7 12. Nb3 Na4 13. Nxa4 Bxa4 14. Bd2
Bc6 15. f3 a5 16. Rfd1 Nd7 17. Qc3 b6 18. Be3 Qb8 19. Nd2 Nc5 20. Nb1 Qc8 21.
Qc2 Qe6 22. Nc3 Rab8 23. Rd2 Qg6 24. Rad1 Rfc8 25. a3 Ne6 26. b4 Bg5 27. Bxg5
Qxg5 28. Rxd6 Nd4 29. Qd2 Qe7 30. Rxd4 exd4 31. Nd5 Bxd5 32. cxd5 Qe5 33. Qxd4
Qxd4+ 34. Rxd4 Rc2 35. Bb5 Ra2 36. a4 Kf8 37. f4 Rb2 38. bxa5 bxa5 39. Rd3 Rb4
40. Re3 Ke7 41. Kf2 Kd6 42. Kf3 Rc8 43. h4 Rc1 44. Kg4 Rd1 45. Bc6 f6 46. Kf5
Ke7 47. Kg4 g6 48. Kf3 Rf1+ 49. Kg3 Rd4 50. Bb5 Rc1 51. Kf3 Rc2 52. g4 Rdd2 53.
Be2 Rd4 54. g5 fxg5 55. hxg5 Rb2 56. Bb5 Rc2 57. Bc6 Rh2 58. e5 Rh3+ 59. Ke2
Rh2+ 60. Kf3 Rh4 61. d6+ Ke6 62. Re4 Rh3+ 63. Ke2 Rxe4+ 64. Bxe4 Rb3 65. Bf3
Rb2+ 66. Ke3 Rb3+ 67. Ke2 Rb2+ 68. Ke3 Rb3+ 69. Ke2 1/2-1/2

[Event "European Youth Chess Championship B18"]
[Site "Prague, Top Hotel Prague"]
[Date "2016.08.27"]
[Round "9.7"]
[White "Vykouk, Jan"]
[Black "Percivaldi, Martin"]
[Result "1/2-1/2"]
[WhiteElo "2434"]
[BlackElo "2361"]
[PlyCount "60"]
[EventDate "2016.08.18"]

1. e4 e5 2. Nf3 Nc6 3. Bc4 Bc5 4. c3 Nf6 5. d4 exd4 6. O-O Nxe4 7. cxd4 d5 8.
dxc5 dxc4 9. Qe2 Qd3 10. Re1 f5 11. Nc3 O-O 12. Nxe4 fxe4 13. Qxe4 Bf5 14. Qh4
Rae8 15. Bf4 Qd5 16. Bxc7 Qxc5 17. Qg3 Qd5 18. h4 Qd7 19. Bd6 Rxe1+ 20. Rxe1
Re8 21. Rxe8+ Qxe8 22. Bc5 Be4 23. Nd4 a6 24. Qg4 h5 25. Qe2 Nxd4 26. Bxd4 Qg6
27. f3 Bd3 28. Qe5 b5 29. a3 Kh7 30. Bc3 Bf5 1/2-1/2

[Event "European Youth Chess Championship B18"]
[Site "Prague, Top Hotel Prague"]
[Date "2016.08.27"]
[Round "9.8"]
[White "Havelka, Josef"]
[Black "Stefanov, Emil"]
[Result "1-0"]
[WhiteElo "2277"]
[BlackElo "2505"]
[PlyCount "181"]
[EventDate "2016.08.18"]

1. e4 e5 2. Nf3 Nc6 3. Bb5 a6 4. Ba4 Nf6 5. O-O Be7 6. Re1 b5 7. Bb3 d6 8. c3
O-O 9. d4 Bg4 10. Be3 exd4 11. cxd4 Na5 12. Bc2 Nc4 13. Bc1 c5 14. b3 Nb6 15.
Nbd2 Rc8 16. h3 Bh5 17. g4 Bg6 18. d5 Nfd7 19. Nf1 Bf6 20. Rb1 b4 21. Ng3 a5
22. Kg2 Bc3 23. Rh1 Re8 24. g5 c4 25. Nh4 cxb3 26. axb3 Nc5 27. f3 Qc7 28. Ne2
Be5 29. Nxg6 hxg6 30. f4 Bc3 31. Nxc3 bxc3 32. Qd4 Na6 33. Ba3 Nb4 34. Bxb4
axb4 35. Ra1 Qc5 36. Rhd1 Ra8 37. Qxc5 dxc5 38. d6 Rxa1 39. Rxa1 c4 40. Kf3 Rb8
41. Ke3 Rc8 42. Ra6 cxb3 43. Bxb3 c2 44. Bxc2 Nc4+ 45. Kd4 Nxd6 46. Rxd6 Rxc2
47. Rb6 Rh2 48. Rxb4 Rxh3 49. Rb8+ Kh7 50. Rf8 f6 51. gxf6 gxf6 52. Rxf6 Ra3
53. Rd6 Ra5 54. Rd5 Ra7 55. Rd6 Ra5 56. Rd7+ Kg8 57. Rc7 Kf8 58. e5 Ra4+ 59.
Rc4 Ra7 60. Kd5 Ke7 61. Rc6 Ra5+ 62. Rc5 Ra7 63. Rc6 Ra5+ 64. Ke4 Ra4+ 65. Kf3
Kf7 66. Kg4 Ra1 67. Rc7+ Ke6 68. Kg5 Rg1+ 69. Kh6 Rg4 70. Rc6+ Kd7 71. Rf6 Ke8
72. Kh7 Kd7 73. Kg8 Ke8 74. Kg7 Ke7 75. Rf7+ Ke6 76. Rf6+ Ke7 77. e6 Rg1 78.
Rxg6 Rf1 79. Rg4 Kxe6 80. Kg6 Rf2 81. Kg5 Ra2 82. Rg1 Ra5+ 83. Kg6 Ke7 84. f5
Kf8 85. Rb1 Ra2 86. Rb8+ Ke7 87. f6+ Ke6 88. Re8+ Kd6 89. f7 Rg2+ 90. Kh5 Rh2+
91. Kg4 1-0

[Event "European Youth Chess Championship B18"]
[Site "Prague, Top Hotel Prague"]
[Date "2016.08.27"]
[Round "9.9"]
[White "Suarez, Gomez Julio"]
[Black "Marek, Matyas"]
[Result "1-0"]
[WhiteElo "2429"]
[BlackElo "2389"]
[PlyCount "91"]
[EventDate "2016.08.18"]

1. e4 c5 2. Nf3 Nc6 3. Nc3 g6 4. d4 cxd4 5. Nxd4 Bg7 6. Be3 Nf6 7. Bc4 O-O 8.
Bb3 Re8 9. h3 d6 10. O-O Na5 11. Qd3 Nxb3 12. axb3 b6 13. b4 Bb7 14. Rfd1 a6
15. Nf3 Qc7 16. b5 axb5 17. Qxb5 Bc6 18. Qc4 b5 19. Nxb5 Qb7 20. Nfd4 Bxe4 21.
f3 Bd5 22. Qe2 Rxa1 23. Rxa1 Ra8 24. Rxa8+ Qxa8 25. c4 Bb7 26. Qe1 Qa2 27. Qc1
e5 28. Ne2 d5 29. cxd5 Nxd5 30. Nec3 Qb3 31. Nxd5 Qxd5 32. Nc3 Qe6 33. Qd2 h5
34. Qd3 f5 35. Qd2 Kh7 36. f4 g5 37. fxe5 f4 38. Bd4 Qc4 39. h4 f3 40. gxf3 g4
41. b3 Qc6 42. Ne4 gxf3 43. Ng5+ Kg8 44. Qd3 Qd7 45. Qh7+ Kf8 46. Bc5+ 1-0

[Event "European Youth Chess Championship B18"]
[Site "Prague, Top Hotel Prague"]
[Date "2016.08.27"]
[Round "9.10"]
[White "Beerdsen, Thomas"]
[Black "Molenda, Marcin"]
[Result "0-1"]
[WhiteElo "2424"]
[BlackElo "2277"]
[PlyCount "88"]
[EventDate "2016.08.18"]

1. e4 c5 2. Nf3 e6 3. d4 cxd4 4. Nxd4 Nc6 5. Nc3 Qc7 6. Be3 a6 7. Qf3 Ne5 8.
Qg3 h5 9. h4 Nf6 10. O-O-O d6 11. f3 b5 12. a3 Bd7 13. Qf2 Rb8 14. Kb1 Be7 15.
Bc1 Qc5 16. Qe1 O-O 17. g4 hxg4 18. f4 Nc4 19. e5 dxe5 20. Nb3 Qc6 21. fxe5
Nxe5 22. Bxb5 Rxb5 23. Nd4 Qc5 24. Ncxb5 axb5 25. Nb3 Qc7 26. Bf4 Rc8 27. Bxe5
Qxc2+ 28. Ka2 Bc6 29. Rh2 Qf5 30. Nd4 Bd5+ 31. Ka1 Qh5 32. Rc2 Rxc2 33. Nxc2
Ne4 34. Bg3 Nxg3 35. Qxg3 Bxh4 36. Qb8+ Kh7 37. Qxb5 g3 38. Ne3 Bf3 39. Qd3+
Qg6 40. Qc4 Bg5 41. Re1 Bxe3 42. Rxe3 g2 43. Qh4+ Bh5 44. Rg3 g1=Q+ 0-1

[Event "European Youth Chess Championship B18"]
[Site "Prague, Top Hotel Prague"]
[Date "2016.08.27"]
[Round "9.11"]
[White "Juhasz, Armin"]
[Black "Pulpan, Jakub"]
[Result "1/2-1/2"]
[WhiteElo "2411"]
[BlackElo "2321"]
[PlyCount "35"]
[EventDate "2016.08.18"]

1. Nf3 Nf6 2. c4 b6 3. g3 c5 4. Bg2 Bb7 5. O-O g6 6. b3 Bg7 7. Bb2 O-O 8. Nc3
d5 9. Nxd5 Nxd5 10. Bxg7 Kxg7 11. cxd5 Qxd5 12. d4 Na6 13. dxc5 Nxc5 14. Qxd5
Bxd5 15. Rfd1 Rfd8 16. Nd4 Bxg2 17. Kxg2 Rac8 18. Rac1 1/2-1/2

[Event "European Youth Chess Championship B18"]
[Site "Prague, Top Hotel Prague"]
[Date "2016.08.27"]
[Round "9.12"]
[White "Anikonov, Dmitry"]
[Black "Portela, Peleteiro Alberto"]
[Result "1/2-1/2"]
[WhiteElo "2407"]
[BlackElo "2340"]
[PlyCount "42"]
[EventDate "2016.08.18"]

1. d4 Nf6 2. c4 g6 3. Nc3 Bg7 4. e4 d6 5. h3 O-O 6. Nf3 e5 7. d5 Nh5 8. g3 Qe8
9. Be2 Nd7 10. Bd2 f5 11. exf5 e4 12. Ng5 e3 13. Bxe3 Nxg3 14. Rg1 Nxf5 15. Ne6
Nxe3 16. fxe3 Rf7 17. Qd2 Ne5 18. Nxg7 Rxg7 19. h4 Qe7 20. Qd4 Bf5 21. O-O-O a6
1/2-1/2

[Event "European Youth Chess Championship B18"]
[Site "Prague, Top Hotel Prague"]
[Date "2016.08.27"]
[Round "9.13"]
[White "Grigorian, Spartak"]
[Black "Rydl, Jiri"]
[Result "1/2-1/2"]
[WhiteElo "2340"]
[BlackElo "2401"]
[PlyCount "96"]
[EventDate "2016.08.18"]

1. d4 Nf6 2. c4 e6 3. Nc3 Bb4 4. Nf3 d5 5. Bg5 h6 6. Bxf6 Qxf6 7. e3 O-O 8. Rc1
Rd8 9. a3 Bxc3+ 10. Rxc3 c6 11. Qc2 Nd7 12. cxd5 exd5 13. Bd3 Nb6 14. O-O Bd7
15. Ne5 Nc8 16. b4 Nd6 17. Rb1 a6 18. Nxd7 Rxd7 19. a4 Rdd8 20. Qb3 Rdc8 21. b5
cxb5 22. Rxc8+ Rxc8 23. axb5 Nc4 24. bxa6 bxa6 25. Qb7 Qe6 26. Rc1 a5 27. Qb5
Qc6 28. Qxc6 Rxc6 29. Ra1 Nd2 30. g3 Rc3 31. Ba6 Ne4 32. Rxa5 Rc1+ 33. Kg2 Rc2
34. Rxd5 Rxf2+ 35. Kg1 Rd2 36. Bb7 Nf2 37. Rd8+ Kh7 38. Bc8 g6 39. Re8 Nd1 40.
Ba6 Kg7 41. Bc4 Kf6 42. Bb3 Rd3 43. Bc2 Rd2 44. Bb3 Rd3 45. Bc2 Rd2 46. Bxd1
Rxd1+ 47. Kg2 Rd2+ 48. Kh3 h5 1/2-1/2

[Event "European Youth Chess Championship B18"]
[Site "Prague, Top Hotel Prague"]
[Date "2016.08.27"]
[Round "9.14"]
[White "Tutisani, Noe"]
[Black "Garriga, Cazorla Pere"]
[Result "1/2-1/2"]
[WhiteElo "2366"]
[BlackElo "2392"]
[PlyCount "91"]
[EventDate "2016.08.18"]

1. e4 c5 2. Nf3 d6 3. d4 cxd4 4. Nxd4 Nf6 5. Nc3 a6 6. Bg5 Nbd7 7. Qe2 g6 8. f4
Bg7 9. O-O-O O-O 10. f5 Ne5 11. h4 h6 12. Bxf6 Bxf6 13. g4 Nc6 14. Nf3 Bxc3 15.
bxc3 Qa5 16. Qe3 Kg7 17. Kb2 Qc5 18. Qxc5 dxc5 19. Bh3 e6 20. h5 g5 21. Rhe1 b5
22. Bf1 Ra7 23. Rd6 Rc7 24. c4 b4 25. Bd3 Bb7 26. e5 Re8 27. f6+ Kf8 28. Be4
Na5 29. Nd2 Bxe4 30. Rxe4 Ra8 31. Re3 Ke8 32. Red3 Nc6 33. Nf3 Na5 34. Nd2 Nc6
35. Re3 Rd8 36. Rxd8+ Kxd8 37. Nb3 Kc8 38. Re4 Nb8 39. c3 Nd7 40. Kc2 Kb7 41.
Nd2 a5 42. Re1 Nb6 43. Re3 a4 44. Rd3 Nd7 45. Nf3 Nb6 46. Nd2 1/2-1/2